Groups of Six Quiz Stats

 Plays Quiz Updated Jun 16, 2015

Also try: Groups of Five
Challenge
Share
Tweet
Score 0/6 Timer 02:00
3 Plays Today
% Correct
Vision
93.4%
Equilateral
93.2%
Residential
89.5%
Vegetables
86.7%
White
82.7%
Plants
79.4%

You're not logged in!

Compare scores with friends on all Sporcle quizzes.
OR
Log In

You Might Also Like...

Show Comments

Extras

Top Quizzes Today


Score Distribution

Your Account Isn't Verified!

In order to create a playlist on Sporcle, you need to verify the email address you used during registration. Go to your Sporcle Settings to finish the process.

Report this User

Report this user for behavior that violates our Community Guidelines.

Details: